It looks like you're offline.
Open Library logo
additional options menu

MARC record from Internet Archive

LEADER: 01614cam 22003498a 4500
005 19940804140536.3
008 940616s1995 nyu j 000 0 eng
010 $a94027292 /AC
020 $a068813680X :$c$16.00
020 $a0688136818 (lib. bdg.)
035 $aACD-1777
040 $aDLC$cDLC
049 $aNCLJ$aNCLF$aNCLX
099 $aE398.2094$aHuc
100 1 $aHuck, Charlotte S.
245 10 $aToads and diamonds /$cretold by Charlotte Huck ; pictures by Anita Lobel.
260 $aNew York :$bGreenwillow Books,$cc1995.
300 $a1 v. (unpaged) :$bcol. ill.
520 $aTwo step-sisters receive appropriate gifts for their actions: one's words are accompanied by flowers and jewels, the other's by toads and snakes.
650 0 $aFairy tales.
650 0 $aFolklore$zFrance.
700 1 $aLobel, Anita.
907 $a.b11250781$b03-23-07$c03-08-02
998 $a(4)1c$a3cw$a1gt$a1ht$a1sc$a1vt$b10-01-01$cm$da$e-$feng$gnyu$h0$i5
949 $aLP 4/9/97
946 $acw$bjmp$c2003-05-17
945 $aOCLC Strip/Reload Project 7/15/03 LB
945 $aj398.209 Huc$g0$i36431100199376$l3cwjn$o-$p$15.93$q $r $s-$t205$u2$v0$w0$x0$y.i16025507$z05-21-03
945 $aE398.2094 Huc$g1$i0010103718622$l1gtch$o-$p$12.00$q-$r-$s-$t6$u4$v1$w1$x0$y.i12472104$z03-08-02
945 $aE398.2094 Huc$g1$i0010103718317$l1htch$o-$p$12.00$q-$r-$s-$t6$u10$v1$w0$x0$y.i12472116$z03-08-02
945 $aE398.2094 Huc$g1$i0010103718465$l1scch$o-$p$12.00$q-$r-$s-$t6$u1$v1$w0$x0$y.i12472128$z03-08-02
945 $aE398.2094 Huc$g1$i0010103718473$l1vtch$o-$p$12.00$q-$r-$s-$t6$u14$v1$w0$x1$y.i12472098$z03-08-02